A inaudita guerra da avenida Gago Coutinho (Registo nº 1308)

Detalhes MARC
000 -Etiqueta do registo
Cabeçalho 00726nam0a2200253 4500
005 - Identificador da versão
Campo de controlo 20240813121832.0
010 ## - Número internacional normalizado dos livros (ISBN)
Número (ISBN) 9789720044358
021 ## - Número do Depósito Legal
Código do país PT
Número 355846/13
100 ## - Dados gerais de processamento
Dados gerais de processamento 20150313d2014 m y0pory5003 ba
102 ## - Pais de publicação ou produção
País de publicação Portugal
101 0# - Língua de publicação
Língua do texto, banda sonora, etc. Português
215 ## - Descrição física 
Indicação específica da natureza do documento e extensão da espécie 84, [4] p
200 1# - Titulo e menção de responsabilidade
Título próprio A inaudita guerra da avenida Gago Coutinho
Informação de outro título e outras histórias
Primeira menção de responsabilidade Mário de Carvalho
205 ## - Menção da edição
Menção da edição 1ª ed
210 ## - Publicação, Distribuição, etc. 
Lugar da edição, distribuição, etc. Porto
Nome do editor, distribuidor, etc. Porto ed.
Data da publicação, distribuição, etc. 2013
300 ## - Notas gerais 
Texto da nota Metas Curriculares
606 ## - Nome comum usado como assunto
Número de registo de entrada de autoridade 0002010
Palavra de ordem Literatura portuguesa
Subdivisão de assunto Conto
Código do sistema CA
675 ## - Classificação Decimal Universal (CDU)
Notação 821.134.3-34
Edição 3ª ed.
Língua da edição por
700 #1 - Nome de autor-pessoa física (responsabilidade principal)
Número de registo de entrada de autoridade 0001856
Palavra de ordem Carvalho
Outra parte do nome não tomada para palavra de ordem Mário de
Datas 1944-
966 ## - Identificação da Biblioteca
Sigla EB2,3ENM
942 ## - Elementos de entrada adicionados (Koha)
Tipo de item no Koha Livro
Exemplares
Situação do levantamento Origin of item (home branch) (coded) Biblioteca de empréstimo Código de barras Cota Circulation type (not for loan) Tipo de documento Nota do exemplar Damaged status
  Biblioteca Escolar Eng. Nuno Mergulhão Biblioteca Escolar Eng. Nuno Mergulhão BENM3502 82LP-34 CAR MET   Livro Sem mensagem